00593nam a2200145Ia 4500008004100000041001200041100001500053245007600068260000600144650000700150942000700157999001700164952013300181952013300314221030s9999 xx 000 0 und d aEnglish aP. P. Arya 0aResearch Methodology in Management Theory & Case Studiescby P. P. Arya c0 aMb cBK c14302d14302 pMB 895l0r2022-10-30 00:00:00w2022-10-30yBK003Print4070aMIETLIBbMIETLIBcBL-, FL-, CUP-0, SH-0, R-0d2012-12-0710HMBA pMB 896l0r2022-10-30 00:00:00w2022-10-30yBK003Print4070aMIETLIBbMIETLIBcBL-, FL-, CUP-0, SH-0, R-0d2012-12-0710HMBA